Elementry English teaching : (Record no. 138459)

MARC details
000 -LEADER
fixed length control field 00629nam a22001937a 4500
005 - DATE AND TIME OF LATEST TRANSACTION
control field 20170324155501.0
010 ## - LCCN (DPL NO)
LC control number ENG-117601
020 ## - INTERNATIONAL STANDARD BOOK NUMBER
International Standard Book Number 9788175418486
Terms of availability 160.00
035 ## - SYSTEM CONTROL NUMBER
System control number EN-101133
037 ## - SOURCE OF ACQUISITION
Source of stock number/acquisition DBAD/PUB
082 ## - DEWEY DECIMAL CLASSIFICATION NUMBER
Classification number 488.0071
100 ## - MAIN ENTRY--PERSONAL NAME
Personal name Sinha, A.K.
245 ## - TITLE STATEMENT
Title Elementry English teaching :
Statement of responsibility, etc by A. K. Sinha
Remainder of title a source book for teacher educators /
260 ## - PUBLICATION, DISTRIBUTION, ETC. (IMPRINT)
Place of publication, distribution, etc Delhi
Name of publisher, distributor, etc Shipra Publication
Date of publication, distribution, etc 2016
270 ## - ADDRESS
Address LG 18-19, Pankaj Central Market, I.P. Ext. Patparganj
City Delhi
Postal code 110092
300 ## - PHYSICAL DESCRIPTION
Extent viii,208p.:
Dimensions 21cm (pbk)
Other physical details ill
500 ## - GENERAL NOTE
General note Includes references
942 ## - ADDED ENTRY ELEMENTS (KOHA)
Source of classification or shelving scheme Dewey Decimal Classification
Item type English Books
Classification part 488.0071
Call number suffix SIN
Holdings
Withdrawn status Lost status Not for loan Collection code Home library Current library Date acquired Source of acquisition Cost, normal purchase price Full call number Barcode Copy number Cost, replacement price Koha item type
    Not For Loan Non-fiction D.B.Act.Division D.B.Act.Division 24/03/2017 DBAD/PUB 160.00 488.0071 SIN EN-101133 1 160.00 English Books

© Delhi Public Library
Hit Counter
free hit counter